| 000 | 00805cam a22002531 4500 | ||
|---|---|---|---|
| 001 | 9268697 | ||
| 003 | US-DLC | ||
| 005 | 20180103033518.0 | ||
| 008 | 750515s1944 xx 000 0 eng | ||
| 010 | _a 44005530 | ||
| 035 | _a(OCoLC)1335178 | ||
| 040 |
_aDLC _cFO _dDLC |
||
| 042 | _apremarc | ||
| 050 | 0 | 0 |
_a917.42 _b.W46 |
| 082 | _a917.42 WEY | ||
| 100 | 1 |
_aWeygandt, Cornelius, _d1871-1957. |
|
| 245 | 1 | 4 |
_aThe heart of New Hampshire; _bthings held dear by the old stocks,by Cornelius Weygandt ... |
| 260 |
_aNew York, _bG.P. Putnam & sons _c[1944] |
||
| 300 |
_axvi, 3-210 p. _bfront., plates. map _c21 cm. |
||
| 651 | 0 |
_aNew Hampshire _xDescription and travel. |
|
| 651 | 0 |
_aNew Hampshire _xSocial life and customs. |
|
| 906 |
_a7 _bcbc _coclcrpl _du _encip _f19 _gy-gencatlg |
||
| 942 |
_2ddc _cBK |
||
| 999 |
_c39594 _d39594 |
||